Sports Quiz

Random Sports Quiz

UEFA Euro winners starting xis Quiz Stats

Quiz not verified by Sporcle

Challenge
Share
Tweet
Embed
Score 0/165 Timer 20:00
0 Plays Today
Year player % Correct
Portugal, 2016Cristiano Ronaldo
98.2%
Spain, 2012Iker Casillas
97.9%
Spain, 2008Iker Casillas
97.9%
Spain, 2012Xavi
97.5%
Spain, 2008Xavi
97.5%
Spain, 2012Andrés Iniesta
96.6%
Spain, 2008Carles Puyol
96.6%
Spain, 2008Andrés Iniesta
96.6%
Spain, 2012Gerard Piqué
95.2%
Spain, 2008Fernando Torres
95%
France, 2000Thierry Henry
94.1%
Spain, 2012Sergio Ramos
93.4%
Spain, 2008Sergio Ramos
93.4%
France, 2000Fabien Barthez
93.2%
Spain, 2012Sergio Busquets
92.5%
Portugal, 2016Adrien Silva
92.2%
France, 2000Zinedine Zidane
91.6%
Spain, 2012Jordi Alba
91.3%
Spain, 2012Cesc Fàbregas
89.3%
Spain, 2008Cesc Fàbregas
89.3%
Spain, 2012David Silva
89.1%
Spain, 2008David Silva
89.1%
Portugal, 2016Pepe
88.6%
Spain, 2012Xabi Alonso
87.7%
Portugal, 2016Nani
86.1%
France, 2000Marcel Desailly
85.9%
France, 2000Lilian Thuram
85.4%
France, 2000Laurent Blanc
84.7%
Netherlands, 1988Marco van Basten
83.8%
France, 2000Didier Deschamps
83.6%
France, 1984Michel Platini
83.4%
France, 2000Patrick Vieira
82.9%
France, 2000Bixente Lizarazu
82.7%
Netherlands, 1988Ruud Gullit
81.8%
Germany, 1996Jürgen Klinsmann
80.9%
Spain, 2008Marcos Senna
80.6%
West Germany, 1980Hansi Müller
79.7%
West Germany, 1972Gerd Müller
79.7%
Spain, 2008Joan Capdevila
79.5%
Spain, 2012Álvaro Arbeloa
77.7%
Denmark, 1992Brian Laudrup
77.4%
Netherlands, 1988Frank Rijkaard
77%
Denmark, 1992Peter Schmeichel
76.1%
Portugal, 2016William Carvalho
74.7%
Portugal, 2016Rui Patrício
74.1%
West Germany, 1972Franz Beckenbauer
71.8%
Germany, 1996Matthias Sammer
69.9%
France, 2000Youri Djorkaeff
69.7%
Spain, 2008Carlos Marchena
67.7%
Netherlands, 1988Ronald Koeman
65.8%
Netherlands, 1988Erwin Koeman
65.8%
France, 2000Christophe Dugarry
65.6%
Greece, 2004Angelos Charisteas
65.4%
Germany, 1996Andreas Köpke
65.1%
Portugal, 2016Renato Sanches
65.1%
Year player % Correct
Portugal, 2016José Fonte
63.3%
Soviet Union, 1960Lev Yashin
61.5%
Greece, 2004Antonios Nikopolidis
59.5%
West Germany, 1980Karl-Heinz Rummenigge
57.4%
Italy, 1968Dino Zoff
56.5%
Greece, 2004Traianos Dellas
56.3%
Germany, 1996Christian Ziege
56.3%
Greece, 2004Theodoros Zagorakis
55.6%
France, 1984Jean Tigana
54.9%
West Germany, 1972Sepp Maier
53.8%
Germany, 1996Mehmet Scholl
53.5%
West Germany, 1980Harald Schumacher
53.1%
Czechoslovakia, 1976Antonín Panenka
52.2%
Portugal, 2016Cédric
51.8%
Portugal, 2016Raphaël Guerreiro
50%
West Germany, 1972Paul Breitner
49.7%
Portugal, 2016João Mário
49.4%
Germany, 1996Thomas Häßler
48.3%
Germany, 1996Markus Babbel
45.3%
Denmark, 1992John Jensen
43.7%
France, 1984Luis Fernández
43.7%
Netherlands, 1988Hans van Breukelen
43.1%
France, 1984Alain Giresse
43.1%
Greece, 2004Kostas Katsouranis
42.8%
Italy, 1968Luigi Riva
42.4%
West Germany, 1972Uli Hoeneß
42.1%
Germany, 1996Stefan Kuntz
41.2%
France, 1984Joël Bats
40.1%
Germany, 1996Thomas Helmer
39.4%
France, 1984Patrick Battiston
39.4%
Greece, 2004Angelos Basinas
39.2%
Greece, 2004Giourkas Seitaridis
38.3%
Spain, 1964Luis Suárez
34.9%
Germany, 1996Dieter Eilts
34.2%
West Germany, 1980Horst Hrubesch
33.9%
Denmark, 1992Lars Olsen
33%
Denmark, 1992Henrik Larsen
33%
Greece, 2004Zisis Vryzas
32.8%
Netherlands, 1988Jan Wouters
32.6%
West Germany, 1972Günter Netzer
32.3%
West Germany, 1972Hans-Georg Schwarzenbeck
31.7%
Greece, 2004Stelios Giannakopoulos
31.4%
West Germany, 1980Bernd Schuster
31.4%
Italy, 1968Giacinto Facchetti
31.2%
Denmark, 1992Kim Vilfort
29.8%
Italy, 1968Sandro Mazzola
29.4%
West Germany, 1980Klaus Allofs
29.2%
Greece, 2004Takis Fyssas
28.5%
Netherlands, 1988Adri van Tiggelen
28.2%
Netherlands, 1988Berry van Aerle
27.8%
Denmark, 1992Kent Nielsen
27.3%
Netherlands, 1988Arnold Mühren
26.7%
West Germany, 1972Jupp Heynckes
25.5%
West Germany, 1980Karlheinz Förster
25.1%
Germany, 1996Thomas Strunz
24.4%
Year player % Correct
West Germany, 1980Uli Stielike
23.9%
West Germany, 1980Hans-Peter Briegel
23.5%
France, 1984Bruno Bellone
23%
France, 1984Maxime Bossis
22.8%
Netherlands, 1988Gerald Vanenburg
22.6%
Denmark, 1992Flemming Povlsen
22.3%
Greece, 2004Michalis Kapsis
21.9%
West Germany, 1980Manfred Kaltz
20.5%
Czechoslovakia, 1976Ivo Viktor
18.7%
Denmark, 1992John Sivebæk
17.8%
France, 1984Bernard Lacombe
17.8%
West Germany, 1972Herbert Wimmer
15.7%
Italy, 1968Tarcisio Burgnich
15.7%
France, 1984Jean-François Domergue
15%
France, 1984Yvon Le Roux
14.6%
West Germany, 1972Horst-Dieter Höttges
13.9%
Denmark, 1992Torben Piechnik
13.4%
Soviet Union, 1960Valentin Ivanov
13.4%
Spain, 1964Amancio Amaro
13.2%
West Germany, 1980Bernard Dietz
13%
Denmark, 1992Kim Christofte
12.8%
Italy, 1968Angelo Domenghini
12.8%
West Germany, 1972Erwin Kremers
10.3%
Spain, 1964Marcelino Martínez
9.6%
Italy, 1968Roberto Rosato
9.3%
Italy, 1968Pietro Anastasi
9.3%
Czechoslovakia, 1976Zdeněk Nehoda
9.1%
Czechoslovakia, 1976Anton Ondruš
8.4%
Soviet Union, 1960Igor Netto
8.4%
Soviet Union, 1960Viktor Ponedelnik
8.4%
Czechoslovakia, 1976Marián Masný
8.2%
Italy, 1968Giancarlo De Sisti
7.3%
Czechoslovakia, 1976Karol Dobiaš
6.2%
Spain, 1964José Ángel Iribar
5.2%
Czechoslovakia, 1976Ján Švehlík
5%
Czechoslovakia, 1976Ján Pivarník
4.3%
Italy, 1968Sandro Salvadore
4.3%
Soviet Union, 1960Slava Metreveli
4.3%
Czechoslovakia, 1976Jozef Čapkovič
4.1%
Spain, 1964Jesús María Pereda
4.1%
Soviet Union, 1960Mikheil Meskhi
4.1%
Italy, 1968Aristide Guarneri
3.9%
Czechoslovakia, 1976Koloman Gögh
3.2%
Czechoslovakia, 1976Jozef Móder
3.2%
Spain, 1964Ignacio Zoco
3.2%
Spain, 1964Ferran Olivella
2.7%
Spain, 1964Josep Maria Fusté
2.3%
Spain, 1964Feliciano Rivilla
2.1%
Spain, 1964Isacio Calleja
1.8%
Spain, 1964Carlos Lapetra
1.8%
Soviet Union, 1960Givi Chokheli
1.6%
Soviet Union, 1960Valentin Bubukin
1.6%
Soviet Union, 1960Anatoly Krutikov
1.4%
Soviet Union, 1960Anatoli Maslyonkin
1.1%
Soviet Union, 1960Yuriy Voynov
1.1%

You're not logged in!

Compare scores with friends on all Sporcle quizzes.
Sign Up with Email
OR
Log In

You Might Also Like...

Show Comments

Extras

Top Quizzes Today


Score Distribution

Your Account Isn't Verified!

In order to create a playlist on Sporcle, you need to verify the email address you used during registration. Go to your Sporcle Settings to finish the process.

Report this User

Report this user for behavior that violates our Community Guidelines.

Details: